[Event "Winter Chess Classic"]
[Site "Montreal CAN"]
[Date "2020.03.05"]
[Round "7"]
[White "Williams, Justus"]
[Black "Rodrigue-Lemieux, Shawn"]
[Result "1/2-1/2"]
[WhiteElo "2340"]
[BlackElo "2276"]
[PlyCount "338"]
[EventDate "2020.03.02"]
[EventType "tourn"]
[EventRounds "9"]
[EventCountry "CAN"]
[WhiteTeam "USA"]
[BlackTeam "Kanada"]
[WhiteTeamCountry "USA"]
[BlackTeamCountry "CAN"]

1. d4 Nf6 2. c4 e6 3. Nf3 d5 4. Nc3 Bb4 5. e3 O-O 6. Qc2 b6 7. Bd3 Bb7 8. cxd5
exd5 9. O-O a6 10. a3 Bd6 11. b4 Nbd7 12. Bb2 Re8 13. Bf5 Ne4 14. Nd2 Ndf6 15.
f3 Nxc3 16. Qxc3 c5 17. bxc5 bxc5 18. dxc5 Be5 19. Qb3 Qc7 20. Bxe5 Rxe5 21.
Bd3 Rae8 22. Qb6 Qxb6 23. cxb6 Rxe3 24. Bf5 g6 25. Bh3 a5 26. Rfc1 Rd3 27. Ra2
d4 28. Rc7 Bd5 29. Rb2 Kg7 30. Nc4 Rc3 31. Nxa5 Ra8 32. Nb7 Ne8 33. Rd7 Bc6 34.
Rd8 Bxb7 35. Rxa8 Bxa8 36. b7 Bxb7 37. Rxb7 Rxa3 38. Rd7 d3 39. Be6 d2 40. Bxf7
Nf6 41. Rxd2 Kxf7 42. Kf2 Ra7 43. Rb2 Rd7 44. Ra2 Nd5 45. Rc2 Nb4 46. Re2 Nd3+
47. Kg3 Rd5 48. Rd2 Kf6 49. h4 Nf4 50. Ra2 Nh5+ 51. Kh3 Rd7 52. Ra4 Kf7 53. Rb4
Nf6 54. Rc4 Nd5 55. Ra4 Ne7 56. Rb4 Nf5 57. Ra4 h5 58. Ra3 Re7 59. Rb3 Kg7 60.
Rb4 Re1 61. g3 Re3 62. Kg2 Re2+ 63. Kh3 Ne3 64. Rb7+ Kf8 65. Rb8+ Kf7 66. Rb7+
Ke6 67. Rb8 Kd7 68. Rb7+ Kd8 69. Rb8+ Ke7 70. Rb7+ Ke8 71. Rb8+ Kd7 72. Rb7+
Kc6 73. Re7 Kd6 74. Re8 Kd7 75. Re5 Kd6 76. Re8 Re1 77. g4 Nc2 78. Rg8 Re6 79.
Rh8 hxg4+ 80. Kxg4 Re5 81. Rh6 Ne3+ 82. Kf4 Nd5+ 83. Kg4 Nf6+ 84. Kf4 Nd5+ 85.
Kg4 Nf6+ 86. Kf4 Rf5+ 87. Kg3 Nh5+ 88. Kg4 Ke5 89. Rxg6 Nf6+ 90. Kg3 Nh5+ 91.
Kg4 Nf6+ 92. Kg3 Nh7 93. Rg7 Rh5 94. Ra7 Ke6 95. Ra6+ Kf7 96. Kg4 Rb5 97. Ra7+
Kg6 98. h5+ Kh6 99. Ra6+ Kg7 100. Ra7+ Kg8 101. Ra8+ Kf7 102. Ra7+ Kg8 103.
Ra8+ Nf8 104. h6 Kf7 105. f4 Nh7 106. f5 Rb4+ 107. Kg3 Nf6 108. Ra7+ Kg8 109.
Kf3 Rh4 110. Rg7+ Kh8 111. Rg6 Nh5 112. f6 Rf4+ 113. Ke3 Rf1 114. h7 Kxh7 115.
Rg2 Kh6 116. Rf2 Re1+ 117. Kd4 Re8 118. Kd5 Kg6 119. f7 Rf8 120. Ke6 Ng7+ 121.
Ke7 Rxf7+ 122. Rxf7 Nf5+ 123. Kf8 Kg5 124. Ra7 Kf6 125. Ra6+ Ke5 126. Kf7 Nd6+
127. Ke7 Nf5+ 128. Kd7 Nd4 129. Ra3 Nf5 130. Ra5+ Ke4 131. Ra1 Ke5 132. Re1+
Kd5 133. Kc7 Nd4 134. Kb6 Nf3 135. Re8 Nd4 136. Rh8 Nf3 137. Rd8+ Ke4 138. Kc5
Ne5 139. Re8 Kf4 140. Kd5 Nf3 141. Re4+ Kf5 142. Re2 Kf4 143. Re8 Ng5 144. Rf8+
Ke3 145. Rf6 Nf3 146. Rf5 Nd2 147. Rh5 Nf3 148. Kc4 Ke4 149. Ra5 Ne5+ 150. Kc3
Nc6 151. Ra4+ Kd5 152. Rh4 Ne5 153. Rd4+ Kc5 154. Rd2 Nc6 155. Rh2 Kd5 156.
Rh5+ Ne5 157. Kb4 Kd4 158. Rh1 Nd3+ 159. Kb5 Nf2 160. Ra1 Ne4 161. Rd1+ Ke5
162. Rd3 Nd6+ 163. Kc5 Ne4+ 164. Kc6 Nf6 165. Rd1 Ne4 166. Rd5+ Kf4 167. Rh5
Nf6 168. Rh6 Ke5 169. Rxf6 Kxf6 1/2-1/2

[Event "Winter Chess Classic"]
[Site "Montreal CAN"]
[Date "2020.03.06"]
[Round "9"]
[White "Talukdar, Rohan"]
[Black "Rodrigue-Lemieux, Shawn"]
[Result "1-0"]
[WhiteElo "2331"]
[BlackElo "2276"]
[PlyCount "43"]
[EventDate "2020.03.02"]
[EventType "tourn"]
[EventRounds "9"]
[EventCountry "CAN"]
[WhiteTeam "Kanada"]
[BlackTeam "Kanada"]
[WhiteTeamCountry "CAN"]
[BlackTeamCountry "CAN"]

1. e4 c6 2. d4 d5 3. Nc3 dxe4 4. Nxe4 Nf6 5. Nxf6+ gxf6 6. c3 h5 7. Bc4 Be6 8.
Bxe6 fxe6 9. Qd3 Qd5 10. Qg6+ Kd8 11. Ne2 Qf5 12. Nf4 Bh6 13. Qxf5 exf5 14.
Ne6+ Kd7 15. Nc5+ Kc8 16. Bxh6 Rxh6 17. O-O-O b6 18. Ne6 Rh7 19. Rd3 Na6 20.
Rf3 Kd7 21. Re1 Rg8 22. h4 1-0

[Event "RA March op"]
[Site "Ottawa CAN"]
[Date "2020.02.28"]
[Round "1"]
[White "Ramesh, Sanjay"]
[Black "Rodrigue-Lemieux, Shawn"]
[Result "0-1"]
[WhiteElo "1973"]
[BlackElo "2380"]
[PlyCount "74"]
[EventDate "2020.02.28"]
[EventType "swiss"]
[EventRounds "5"]
[EventCountry "CAN"]

1. d4 Nf6 2. c4 e6 3. Nc3 Bb4 4. Qc2 O-O 5. Nf3 d5 6. e3 b6 7. cxd5 exd5 8. Bd3
a6 9. O-O Bb7 10. a3 Bd6 11. b3 Re8 12. Bb2 Nbd7 13. Ne2 Ne4 14. Ng3 g6 15.
Bxe4 dxe4 16. Nd2 Qe7 17. Nc4 b5 18. Nxd6 cxd6 19. Rac1 Bd5 20. Ne2 Nf6 21. Nf4
g5 22. Nxd5 Nxd5 23. Qd2 h5 24. Rc6 g4 25. Qa5 h4 26. Rxa6 Rab8 27. Rc6 h3 28.
Qd2 hxg2 29. Kxg2 Kg7 30. Rg1 Rh8 31. Kf1 f5 32. Rg2 Kf7 33. Rc1 Rh3 34. Qe2
Qh4 35. Ke1 Rxe3 36. Rc7+ Ke6 37. Re7+ Kxe7 0-1

[Event "RA March op"]
[Site "Ottawa CAN"]
[Date "2020.02.29"]
[Round "2"]
[White "Rodrigue-Lemieux, Shawn"]
[Black "Labib, Daniel"]
[Result "1-0"]
[WhiteElo "2380"]
[BlackElo "1853"]
[PlyCount "65"]
[EventDate "2020.02.28"]
[EventType "swiss"]
[EventRounds "5"]
[EventCountry "CAN"]

1. c4 Nf6 2. Nc3 g6 3. g3 Bg7 4. Bg2 O-O 5. e4 d6 6. Nge2 c5 7. O-O Nc6 8. d3
Rb8 9. h3 a6 10. a4 Ne8 11. Be3 Nc7 12. d4 cxd4 13. Nxd4 Ne6 14. Nde2 Ne5 15.
b3 Nc5 16. Ra2 Qa5 17. Nd5 Nc6 18. b4 Nxb4 19. Bd2 Ncd3 20. Nxb4 Nxb4 21. Qb1
Be6 22. Bxb4 Qc7 23. Rc2 Bxc4 24. Rfc1 b5 25. axb5 axb5 26. Nf4 Qd7 27. Bf1
Bxf1 28. Rc7 Bxh3 29. Rxd7 Bxd7 30. Nd5 Rfe8 31. Rc7 Ra8 32. Kg2 Ra1 33. Qd3
1-0

[Event "RA March op"]
[Site "Ottawa CAN"]
[Date "2020.03.01"]
[Round "4"]
[White "Sambuev, Bator"]
[Black "Rodrigue-Lemieux, Shawn"]
[Result "1-0"]
[WhiteElo "2579"]
[BlackElo "2380"]
[PlyCount "145"]
[EventDate "2020.02.28"]
[EventType "swiss"]
[EventRounds "5"]
[EventCountry "CAN"]

1. Nf3 Nf6 2. c4 e6 3. Nc3 d5 4. d4 Bb4 5. g3 O-O 6. Bg2 dxc4 7. O-O Nc6 8. a3
Be7 9. e4 Na5 10. Be3 Nb3 11. Rb1 c5 12. dxc5 Bxc5 13. Bxc5 Nxc5 14. Ne5 b6 15.
Nc6 Qxd1 16. Rfxd1 Bb7 17. e5 Bxc6 18. Bxc6 Rac8 19. Bh1 Ng4 20. f4 Ne3 21. Rd6
Rfd8 22. Nb5 a6 23. Rxd8+ Rxd8 24. Nd6 b5 25. Kf2 Nf5 26. Nxf5 exf5 27. Ke2 a5
28. Rd1 Rd3 29. Bc6 b4 30. axb4 axb4 31. Bb5 Rxd1 32. Kxd1 c3 33. bxc3 bxc3 34.
Kc2 h6 35. Kxc3 g5 36. Bc4 Ne4+ 37. Kd4 Nd2 38. Be2 gxf4 39. gxf4 Kf8 40. Ke3
Ne4 41. Bd3 Nc5 42. Bxf5 f6 43. Kd4 fxe5+ 44. fxe5 Na6 45. Bc8 Nc7 46. Ke4 Kf7
47. Kf5 Nb5 48. Be6+ Kg7 49. Bd7 Nc7 50. Bc6 Kf7 51. Ba4 Kg7 52. Bb3 Nb5 53.
Bd5 Nd4+ 54. Ke4 Nc2 55. Bc4 Nb4 56. Bb5 Kg6 57. Kd4 Kf7 58. Ba4 Ke6 59. Bb3+
Kf5 60. Ba4 Ke6 61. Ke4 Na6 62. Bb3+ Ke7 63. Kf5 Nc5 64. Bc4 Nd7 65. h4 h5 66.
Ba2 Nc5 67. Kg5 Nd7 68. e6 Ne5 69. Kxh5 Nf3 70. Bd5 Ne5 71. Kg5 Kf8 72. h5 Ke7
73. h6 1-0

[Event "RA March op"]
[Site "Ottawa CAN"]
[Date "2020.03.01"]
[Round "5"]
[White "Rodrigue-Lemieux, Shawn"]
[Black "Han, Johnathan"]
[Result "1-0"]
[WhiteElo "2380"]
[BlackElo "2133"]
[PlyCount "57"]
[EventDate "2020.02.28"]
[EventType "swiss"]
[EventRounds "5"]
[EventCountry "CAN"]

1. c4 Nf6 2. Nc3 e6 3. e4 d5 4. cxd5 exd5 5. e5 Ne4 6. Nf3 Nxc3 7. dxc3 Be7 8.
Bd3 Bg4 9. Bf4 c6 10. Qc2 h6 11. h3 Be6 12. Nd4 O-O 13. O-O-O c5 14. Nxe6 fxe6
15. Bh2 Qa5 16. Kb1 Nc6 17. f4 b5 18. Qe2 b4 19. c4 Bd8 20. Qg4 Nd4 21. Qg6 Rf7
22. cxd5 b3 23. a3 exd5 24. e6 Rf6 25. Qh7+ Kf8 26. Qh8+ Ke7 27. Qxg7+ Kxe6 28.
f5+ Nxf5 29. Rhe1+ 1-0

[Event "Quebec-ch U16/U18"]
[Site "Montreal CAN"]
[Date "2020.02.22"]
[Round "1.1"]
[White "Mai, Deren"]
[Black "Rodrigue-Lemieux, Shawn"]
[Result "0-1"]
[WhiteElo "1563"]
[BlackElo "2408"]
[PlyCount "86"]
[EventDate "2020.02.22"]
[EventType "swiss"]
[EventRounds "4"]
[EventCountry "CAN"]

1. e4 c6 2. d4 d5 3. e5 Bf5 4. Nf3 e6 5. Be2 Ne7 6. h4 h6 7. h5 c5 8. c3 Nec6
9. a3 Nd7 10. b4 cxd4 11. cxd4 Rc8 12. Be3 Be7 13. Nbd2 O-O 14. Nf1 Nb6 15. Ng3
Bh7 16. Rc1 Nc4 17. Bxc4 dxc4 18. Rxc4 Qd5 19. Rc1 a5 20. O-O axb4 21. axb4
Nxb4 22. Ne2 Nd3 23. Nf4 Nxf4 24. Bxf4 b5 25. Qd2 Ba3 26. Rxc8 Rxc8 27. Ra1 b4
28. Bxh6 gxh6 29. Qxh6 Qe4 30. Qg5+ Kf8 31. Qf6 Qf5 32. Ng5 Bg8 33. h6 Qxf6 34.
exf6 Rc1+ 35. Rxc1 Bxc1 36. Ne4 b3 37. Nc3 Bh7 38. g3 b2 39. Kf1 Bd2 40. Nb1
Bxb1 41. f4 Bd3+ 42. Kf2 b1=Q 43. h7 Qf1# 0-1

[Event "Quebec-ch U16/U18"]
[Site "Montreal CAN"]
[Date "2020.02.22"]
[Round "2.1"]
[White "Rodrigue-Lemieux, Shawn"]
[Black "Wu, Tony (Dongze)"]
[Result "1-0"]
[WhiteElo "2408"]
[BlackElo "2076"]
[PlyCount "75"]
[EventDate "2020.02.22"]
[EventType "swiss"]
[EventRounds "4"]
[EventCountry "CAN"]

1. c4 Nf6 2. Nc3 e6 3. e4 d6 4. g3 b6 5. Bg2 Bb7 6. Nge2 Nbd7 7. O-O c5 8. d3
a6 9. h3 Qc7 10. g4 h6 11. a4 Bc6 12. Be3 Be7 13. Rc1 Qb7 14. d4 cxd4 15. Nxd4
e5 16. Nf5 Nxe4 17. Bxe4 Bxe4 18. Nxe4 Qxe4 19. Qxd6 Bf8 20. Rfd1 Qb7 21. c5
bxc5 22. Bxc5 Rg8 23. Qxf8+ Rxf8 24. Nd6+ Ke7 25. Nxb7+ Nxc5 26. Rxc5 Rac8 27.
Rxe5+ Kf6 28. Rf5+ Kg6 29. Rd6+ Kh7 30. Rxa6 Rc7 31. Nc5 Rb8 32. b3 Rb4 33. Kg2
Re7 34. Ra5 g6 35. Rf3 Kg7 36. Rb5 Rd4 37. a5 Rd1 38. Rb7 1-0

[Event "Quebec-ch U16/U18"]
[Site "Montreal CAN"]
[Date "2020.02.22"]
[Round "3.1"]
[White "Huang, Qiuyu"]
[Black "Rodrigue-Lemieux, Shawn"]
[Result "0-1"]
[WhiteElo "2209"]
[BlackElo "2408"]
[PlyCount "92"]
[EventDate "2020.02.22"]
[EventType "swiss"]
[EventRounds "4"]
[EventCountry "CAN"]

1. e4 c6 2. d4 d5 3. exd5 cxd5 4. Bd3 Nc6 5. c3 Qc7 6. h3 Nf6 7. Nf3 g6 8. Qc2
Nh5 9. Qb3 Nf4 10. Bxf4 Qxf4 11. Nbd2 e6 12. O-O Bg7 13. Qa3 Bf8 14. Qb3 Bd6
15. Rfe1 O-O 16. Nf1 a6 17. Ne3 h5 18. Re2 b5 19. Rae1 Kg7 20. Nf1 Bb7 21. Bb1
Rfe8 22. a3 Rac8 23. Qd1 e5 24. dxe5 Nxe5 25. Nd4 h4 26. Re3 Re7 27. Nf3 Rce8
28. Nd4 Qf6 29. Nd2 Nc4 30. Rxe7 Rxe7 31. Rxe7 Qxe7 32. Qc2 Qe1+ 33. Nf1 Ne5
34. Ba2 Bc5 35. Qd2 Qe4 36. Ne3 Nc4 37. Bxc4 dxc4 38. Ndc2 a5 39. Nd4 b4 40.
axb4 axb4 41. Qe2 Qb1+ 42. Nf1 Bxd4 43. cxd4 Be4 44. Kh2 c3 45. bxc3 bxc3 46.
d5 c2 0-1

[Event "Quebec-ch U16/U18"]
[Site "Montreal CAN"]
[Date "2020.02.23"]
[Round "4.1"]
[White "Rodrigue-Lemieux, Shawn"]
[Black "Tanaka, Tyler"]
[Result "1-0"]
[WhiteElo "2408"]
[BlackElo "2282"]
[PlyCount "121"]
[EventDate "2020.02.22"]
[EventType "swiss"]
[EventRounds "4"]
[EventCountry "CAN"]

1. d4 Nf6 2. Nf3 c5 3. dxc5 Qa5+ 4. Nbd2 Qxc5 5. e3 g6 6. a3 Bg7 7. b4 Qc7 8.
Bb2 O-O 9. Be2 d6 10. O-O Nc6 11. c4 Bg4 12. Rc1 Nd7 13. Bxg7 Kxg7 14. Ne4 a5
15. c5 Bxf3 16. gxf3 dxc5 17. b5 Nd8 18. Nxc5 Nxc5 19. Qd4+ Kg8 20. Rxc5 Qb8
21. Bc4 b6 22. Re5 e6 23. h4 Nb7 24. h5 Qd6 25. Qf4 Nc5 26. hxg6 hxg6 27. Rc1
Kg7 28. Kg2 Nd7 29. Re4 Qxf4 30. Rxf4 Rac8 31. Rd1 Nf6 32. Bf1 Rc5 33. Rh4 Nd5
34. a4 Ne7 35. Rd7 Nd5 36. Rb7 Rc7 37. Rxc7 Nxc7 38. Rc4 Nd5 39. f4 Kf6 40. Kf3
Nb4 41. e4 Rd8 42. Rc7 Rd1 43. Bh3 Rd3+ 44. Kg2 Rd4 45. e5+ Kg7 46. Bxe6 Rxf4
47. Kg3 g5 48. Bb3 Kf8 49. Rd7 Rf5 50. f3 Rxe5 51. Rxf7+ Ke8 52. Rf6 Re3 53.
Bg8 Ra3 54. Rxb6 Rxa4 55. Rg6 Ra1 56. Kg2 a4 57. b6 Na6 58. b7 Nb8 59. Bd5 Kd7
60. Rg8 Na6 61. Ra8 1-0

[Event "Mercredi 2020.02.19 ABCD"]
[Site "Montreal CAN"]
[Date "2020.02.19"]
[Round "1"]
[White "Rodrigue-Lemieux, Shawn"]
[Black "Nesterov, Timour"]
[Result "1-0"]
[WhiteElo "2406"]
[BlackElo "1943"]
[PlyCount "85"]
[EventDate "2020.02.19"]
[EventType "swiss"]
[EventRounds "5"]
[EventCountry "CAN"]

1. c4 e5 2. a3 a5 3. d3 Nf6 4. Nc3 d5 5. cxd5 Nxd5 6. Nf3 Nc6 7. g3 Nxc3 8.
bxc3 Be7 9. Bg2 O-O 10. O-O Bf6 11. Nd2 Be6 12. Rb1 Rb8 13. Ne4 Be7 14. Be3 b6
15. d4 exd4 16. cxd4 Bd5 17. Qa4 f5 18. Nc3 Bxg2 19. Kxg2 Qd7 20. Rb5 Rbd8 21.
Nd5 Bd6 22. Qc4 Kh8 23. a4 Nb4 24. Nxb4 Bxb4 25. d5 Rfe8 26. Rc1 Bd6 27. Qd3
Re4 28. Bd4 Rde8 29. e3 Qf7 30. Rc6 Qd7 31. Rb3 h6 32. Qb5 Kg8 33. Rxb6 Qf7 34.
Rc6 g5 35. Rc4 f4 36. exf4 gxf4 37. Rf3 Qh5 38. Bb2 Re2 39. Rcxf4 Bxf4 40. Rxf4
Kh7 41. Qd3+ Kg8 42. g4 Qg5 43. h4 1-0

[Event "Mercredi 2020.02.19 ABCD"]
[Site "Montreal CAN"]
[Date "2020.02.26"]
[Round "2"]
[White "Rodrigue-Lemieux, Shawn"]
[Black "Pomerantz, Daniel"]
[Result "1-0"]
[WhiteElo "2406"]
[BlackElo "2208"]
[PlyCount "123"]
[EventDate "2020.02.19"]
[EventType "swiss"]
[EventRounds "5"]
[EventCountry "CAN"]

1. c4 Nf6 2. Nc3 e6 3. e4 d5 4. cxd5 exd5 5. e5 d4 6. exf6 dxc3 7. Bb5+ c6 8.
Qe2+ Be6 9. Bc4 Qxf6 10. dxc3 Be7 11. Nf3 Bxc4 12. Qxc4 O-O 13. Bg5 Qd6 14. O-O
Bxg5 15. Nxg5 Qg6 16. Nf3 Nd7 17. Rad1 Nf6 18. Rfe1 Rae8 19. Qa4 Nd5 20. Rxe8
Rxe8 21. Qxa7 Nf4 22. g3 h6 23. Re1 Nh3+ 24. Kf1 Qd3+ 25. Kg2 Rxe1 26. Nxe1
Qe4+ 27. Nf3 Ng5 28. Qe3 Qd5 29. b3 Nxf3 30. Qxf3 Qd2 31. a4 Qc2 32. c4 Qd2 33.
Qe3 Qc2 34. a5 c5 35. Qe8+ Kh7 36. Qxf7 Qxb3 37. Qf5+ Kh8 38. Qxc5 Qb1 39. Qd5
Qb4 40. a6 bxa6 41. Qa8+ Kh7 42. Qxa6 Qc5 43. Qb5 Qd4 44. Qd5 Qf6 45. c5 Qc3
46. c6 Qc2 47. g4 Kh8 48. h4 Qg6 49. Kh3 Qf6 50. Kg3 Qc3+ 51. Kg2 Qb4 52. Qd8+
Kh7 53. Qd3+ Kh8 54. Qf3 Qc5 55. Qe4 Qd6 56. Qc4 Qc7 57. g5 hxg5 58. hxg5 Kh7
59. Qe4+ Kh8 60. Qe8+ Kh7 61. g6+ Kh6 62. Qe3+ 1-0

[Event "Mercredi 2020.02.19 ABCD"]
[Site "Montreal CAN"]
[Date "2020.03.11"]
[Round "4"]
[White "Lopez Linares, Lizandro"]
[Black "Rodrigue-Lemieux, Shawn"]
[Result "1/2-1/2"]
[WhiteElo "2230"]
[BlackElo "2406"]
[PlyCount "93"]
[EventDate "2020.02.19"]
[EventType "swiss"]
[EventRounds "5"]
[EventCountry "CAN"]

1. d4 Nf6 2. Nf3 d5 3. c4 e6 4. Nc3 Bb4 5. cxd5 exd5 6. Qa4+ Nc6 7. Bg5 h6 8.
Bxf6 Qxf6 9. e3 O-O 10. Rc1 a6 11. a3 Bxc3+ 12. Rxc3 Qg6 13. Rc1 Bg4 14. Be2
Rfe8 15. O-O Re4 16. Rfd1 Rae8 17. Qb3 f5 18. Qxd5+ Kh8 19. Kh1 Rd8 20. Rxc6
Qe8 21. Rxh6+ gxh6 22. Qxb7 f4 23. Bd3 Re7 24. Qxa6 Rd6 25. Qc4 fxe3 26. d5 Qh5
27. Qd4+ Kg8 28. Be4 Rxe4 29. Qxe4 Rf6 30. Kg1 exf2+ 31. Kxf2 Bxf3 32. gxf3
Qxh2+ 33. Ke3 Kf8 34. Rd2 Qg1+ 35. Kd3 Qf1+ 36. Kc2 Rxf3 37. Re2 Rf7 38. Qe8+
Kg7 39. Qe5+ Kh7 40. Kb3 Qf3+ 41. Ka2 h5 42. Rh2 Kg6 43. Qe6+ Rf6 44. Qg8+ Kf5
45. Qh7+ Kg5 46. Qg7+ Kf5 47. Qh7+ 1/2-1/2

[Event "Carnaval"]
[Site "Quebec CAN"]
[Date "2020.02.16"]
[Round "4"]
[White "Rodrigue-Lemieux, Shawn"]
[Black "Hirschberg, Valerian"]
[Result "1-0"]
[WhiteElo "2401"]
[BlackElo "2284"]
[Annotator "Boutin,Jean-Roger"]
[PlyCount "109"]
[EventDate "2020.02.14"]
[EventType "swiss"]
[EventRounds "5"]
[EventCountry "CAN"]
[TimeControl "240+2"]

1. e4 c5 2. Nf3 Nc6 3. Bb5 g6 4. Bxc6 bxc6 5. O-O Bg7 6. Re1 Nh6 7. c3 O-O 8.
d4 cxd4 9. cxd4 d5 10. e5 f6 11. h3 Qb6 12. e6 Nf5 13. Nc3 Nd6 14. Na4 Qb5 15.
Nc5 a5 16. a4 Qb6 17. Ra3 Nb7 18. Qc2 Nxc5 19. dxc5 Qd8 20. Nd4 f5 21. Qd1 f4
22. Rb3 Qc7 23. h4 Ba6 24. Rb6 Bb7 25. Qd3 Ra6 26. Bd2 Rxb6 27. Bxa5 Ba6 28.
Qd1 f3 29. cxb6 Qf4 30. Nxf3 d4 31. Bb4 Bf6 32. Bd2 Qd6 33. a5 c5 34. Bh6 Ra8
35. Bg5 Bg7 36. Qa4 h6 37. Bd2 Rd8 38. b4 Bb7 39. bxc5 Qxc5 40. Qb4 Qxb4 41.
Bxb4 Kf8 42. Nd2 Rc8 43. Ne4 d3 44. Nc5 Bc3 45. Bxc3 Rxc5 46. Bd2 Kg7 47. f3
Rc2 48. Rd1 Ba6 49. Kf2 Kf6 50. Ke3 Rc6 51. Rb1 Rxe6+ 52. Kd4 Rd6+ 53. Kc5 Bb7
54. a6 Bxa6 55. b7 1-0

[Event "Carnaval"]
[Site "Quebec CAN"]
[Date "2020.02.16"]
[Round "5"]
[White "Ouellet, Maili-Jade"]
[Black "Rodrigue-Lemieux, Shawn"]
[Result "1-0"]
[WhiteElo "2355"]
[BlackElo "2401"]
[PlyCount "131"]
[EventDate "2020.02.14"]
[EventType "swiss"]
[EventRounds "5"]
[EventCountry "CAN"]

1. d4 Nf6 2. c4 e6 3. Nc3 Bb4 4. e3 O-O 5. Nge2 c6 6. a3 Ba5 7. b4 Bc7 8. g3 d5
9. cxd5 exd5 10. Bg2 Re8 11. O-O Bf5 12. Bb2 Nbd7 13. Na4 h5 14. Nf4 h4 15. Re1
hxg3 16. hxg3 Ng4 17. Qd2 Qg5 18. f3 Nxe3 19. Rxe3 Qxg3 20. Ne2 Qh2+ 21. Kf1
Nf6 22. Nc5 Nh5 23. Nd3 Bh3 24. Bxh3 Qxh3+ 25. Ke1 Qh1+ 26. Kf2 Qh2+ 27. Ke1
Qh1+ 28. Kf2 Qh4+ 29. Kf1 Bg3 30. Ng1 Bd6 31. Ne2 Kf8 32. Ne5 Qh3+ 33. Kf2 Qh2+
34. Ke1 f6 35. Ng4 Qh1+ 36. Kf2 Qh4+ 37. Kf1 Qh3+ 38. Kg1 Bg3 39. Nxg3 Nxg3 40.
Qg2 Qh4 41. Rae1 Rxe3 42. Rxe3 Nf5 43. Re2 Qg5 44. Nh2 Qxg2+ 45. Kxg2 Kf7 46.
Nf1 a5 47. bxa5 Rxa5 48. Ne3 Nd6 49. Bc3 Ra8 50. Bb4 Nb5 51. Nc2 Kg6 52. Re7 b6
53. Rb7 Ra6 54. Bf8 Ra8 55. Bb4 Ra6 56. Kg3 Kh7 57. Kf4 Kg6 58. Kg4 f5+ 59. Kf4
Kf6 60. Be7+ Ke6 61. Bf8 Ra4 62. Kg5 Ra7 63. Rxb6 Kd7 64. Rb8 Ra4 65. Bb4 f4
66. Rg8 1-0

[Event "Le Blanc et Noir de St-Jean"]
[Site "St-Jean CAN"]
[Date "2020.01.17"]
[Round "1.2"]
[White "Rodrigue-Lemieux, Shawn"]
[Black "Couture, Jonathan"]
[Result "1-0"]
[WhiteElo "2400"]
[BlackElo "1931"]
[PlyCount "73"]
[EventDate "2020.01.17"]
[EventType "swiss"]
[EventRounds "5"]
[EventCountry "CAN"]

1. c4 g6 2. g3 Bg7 3. Bg2 d6 4. Nc3 Nf6 5. e4 O-O 6. Nge2 c6 7. O-O e5 8. d3
Ng4 9. h3 Nh6 10. f4 f5 11. Be3 Na6 12. Qd2 Nf7 13. d4 exd4 14. Bxd4 Be6 15.
exf5 gxf5 16. Bxg7 Kxg7 17. Nd4 Qf6 18. b3 Rad8 19. g4 Nc5 20. g5 Qg6 21. Rae1
Rfe8 22. h4 Bd7 23. b4 Na6 24. Bf3 h5 25. Qd1 Rh8 26. Re7 Kg8 27. b5 Nb8 28.
Rfe1 Rh7 29. bxc6 bxc6 30. Kh1 Nxg5 31. hxg5 Rxe7 32. Rxe7 Be8 33. Qe2 Bf7 34.
Nxc6 Nxc6 35. Bxc6 Rc8 36. Bd5 Bxd5+ 37. Nxd5 1-0

[Event "Le Blanc et Noir de St-Jean"]
[Site "St-Jean CAN"]
[Date "2020.01.18"]
[Round "2.2"]
[White "Nunez-Painchaud, Raphael"]
[Black "Rodrigue-Lemieux, Shawn"]
[Result "1/2-1/2"]
[WhiteElo "2176"]
[BlackElo "2400"]
[PlyCount "113"]
[EventDate "2020.01.17"]
[EventType "swiss"]
[EventRounds "5"]
[EventCountry "CAN"]

1. c4 d6 2. d4 e5 3. Nf3 e4 4. Nfd2 Nf6 5. Nc3 Qe7 6. e3 g6 7. Nd5 Nxd5 8. cxd5
Bg7 9. h4 O-O 10. h5 h6 11. Qc2 Bf5 12. Be2 gxh5 13. f3 c6 14. fxe4 Bg6 15.
Bxh5 Bh7 16. Qb3 cxd5 17. Qxd5 Nd7 18. Nc4 Bxe4 19. Qxd6 Qg5 20. Bf3 Bxf3 21.
gxf3 Qg2 22. Qh2 Qxf3 23. Rg1 Qf6 24. Nd6 Rfe8 25. Nxe8 Rxe8 26. Kd1 Nb6 27.
Bd2 Nc4 28. Rc1 Nxb2+ 29. Ke2 Qa6+ 30. Kf3 Re6 31. Rg4 Nd3 32. Qg3 Rg6 33. Rxg6
fxg6 34. Rc7 Qe6 35. Qg4 Qf6+ 36. Ke2 Qa6 37. Qc8+ Kh7 38. Qxb7 Nf4+ 39. Kd1
Qf1+ 40. Kc2 Qd3+ 41. Kc1 Ne6 42. Rf7 Qc4+ 43. Kd1 Qxa2 44. d5 Qa1+ 45. Ke2 Nd8
46. Qxa7 Nxf7 47. Qxf7 Qa6+ 48. Ke1 Qd3 49. Qe7 Qxd5 50. Bc3 Qg8 51. e4 Qf8 52.
Qd7 Kg8 53. Bxg7 Qxg7 54. Qe8+ Kh7 55. e5 h5 56. e6 Qe5+ 57. Kf2 1/2-1/2

[Event "Le Blanc et Noir de St-Jean"]
[Site "St-Jean CAN"]
[Date "2020.01.18"]
[Round "3.2"]
[White "Rodrigue-Lemieux, Shawn"]
[Black "Ouellet, Maili-Jade"]
[Result "1-0"]
[WhiteElo "2400"]
[BlackElo "2360"]
[PlyCount "123"]
[EventDate "2020.01.17"]
[EventType "swiss"]
[EventRounds "5"]
[EventCountry "CAN"]

1. c4 e6 2. Nc3 d5 3. cxd5 exd5 4. d4 c6 5. a3 Bd6 6. Qc2 Ne7 7. Bg5 f6 8. Bd2
Bf5 9. e4 dxe4 10. Nxe4 Bc7 11. Nf3 O-O 12. Bd3 Kh8 13. h3 Nd7 14. O-O Nb6 15.
Nc5 Bxd3 16. Qxd3 Qc8 17. Rfe1 Ng6 18. Re4 Nd5 19. Nh4 Ngf4 20. Bxf4 Nxf4 21.
Qb3 b6 22. Nd3 Nd5 23. Nb4 Qd7 24. Rc1 Rfe8 25. Rxe8+ Rxe8 26. Nxd5 cxd5 27.
Nf3 Bf4 28. Re1 Re4 29. g3 Bh6 30. Kg2 Qc6 31. Qd3 Qe8 32. Qa6 g6 33. Rd1 Re2
34. Kf1 Rxb2 35. a4 Bf8 36. Re1 Qd7 37. Kg2 Ra2 38. h4 Rxa4 39. Qe2 Bb4 40. Rc1
b5 41. Ne5 Qb7 42. Nxg6+ hxg6 43. Qe8+ Kg7 44. Rc8 Qxc8 45. Qxc8 Be7 46. Qd7
Kf8 47. Qxd5 b4 48. Qa8+ Kf7 49. d5 b3 50. d6 Bxd6 51. Qb7+ Kf8 52. Qc6 b2 53.
Qxd6+ Kg7 54. Qd7+ Kg8 55. Qc8+ Kf7 56. Qb7+ Ke6 57. Qxb2 Ra5 58. Qe2+ Re5 59.
Qa2+ Rd5 60. Qxa7 Rd7 61. Qe3+ Kf7 62. Qh6 1-0

[Event "Le Blanc et Noir de St-Jean"]
[Site "St-Jean CAN"]
[Date "2020.01.19"]
[Round "5.3"]
[White "Rodrigue-Lemieux, Shawn"]
[Black "Saha, Ananda"]
[Result "1-0"]
[WhiteElo "2400"]
[BlackElo "2246"]
[PlyCount "75"]
[EventDate "2020.01.17"]
[EventType "swiss"]
[EventRounds "5"]
[EventCountry "CAN"]

1. c4 Nf6 2. Nc3 g6 3. d4 d5 4. cxd5 Nxd5 5. Qa4+ c6 6. e4 Nxc3 7. bxc3 Bg7 8.
Nf3 O-O 9. Be2 Nd7 10. O-O e5 11. Rd1 exd4 12. cxd4 Nb6 13. Qc2 Re8 14. a4 a5
15. Bg5 Qc7 16. Rab1 Nd7 17. Bh4 Nf6 18. Ne5 Nxe4 19. Qxe4 Bf5 20. Qf3 Bxb1 21.
Rxb1 Bxe5 22. dxe5 Qxe5 23. Rxb7 Qd5 24. h3 Qxf3 25. Bxf3 Re1+ 26. Kh2 Rc1 27.
Rc7 Rc4 28. Bxc6 Ra6 29. Bb5 Rxc7 30. Bxa6 Rc2 31. f3 f6 32. Bb5 Rc8 33. Bxf6
Kf7 34. Bd4 Ke6 35. Bb6 Ra8 36. Kg3 h5 37. Kf4 Kf6 38. h4 1-0

[Event "Pere Noel"]
[Site "Montreal CAN"]
[Date "2018.12.26"]
[Round "1.3"]
[White "Rodrigue-Lemieux, Shawn"]
[Black "Page, Dany"]
[Result "1-0"]
[WhiteElo "2363"]
[BlackElo "1684"]
[PlyCount "53"]
[EventDate "2018.12.26"]
[EventType "swiss"]
[EventRounds "5"]
[EventCountry "CAN"]

1. e4 c5 2. Nf3 d6 3. d4 cxd4 4. Qxd4 a6 5. c4 Nc6 6. Qe3 Nf6 7. h3 Qc7 8. Nc3
e6 9. Be2 Be7 10. O-O O-O 11. b3 Nb4 12. Qd2 d5 13. exd5 Rd8 14. a3 exd5 15.
axb4 dxc4 16. Qb2 cxb3 17. Be3 Bxb4 18. Rfc1 Qe7 19. Bc4 Be6 20. Bxb3 Bxb3 21.
Qxb3 Rd3 22. Qc4 Rdd8 23. Bb6 Rdc8 24. Nd5 Qf8 25. Nxf6+ gxf6 26. Qg4+ Kh8 27.
Bd4 1-0

[Event "Pere Noel"]
[Site "Montreal CAN"]
[Date "2018.12.27"]
[Round "2.3"]
[White "Durette, Francis"]
[Black "Rodrigue-Lemieux, Shawn"]
[Result "1/2-1/2"]
[WhiteElo "2105"]
[BlackElo "2363"]
[PlyCount "79"]
[EventDate "2018.12.26"]
[EventType "swiss"]
[EventRounds "5"]
[EventCountry "CAN"]

1. Nf3 d5 2. c4 e6 3. d4 Nf6 4. Nc3 Bb4 5. Bg5 h6 6. Bh4 g5 7. Bg3 Ne4 8. Qc2
h5 9. h4 g4 10. Nd2 Nxg3 11. fxg3 Nc6 12. e3 Bxc3 13. Qxc3 O-O 14. O-O-O f5 15.
c5 Ne7 16. Kb1 c6 17. Nb3 Qc7 18. Qe1 Ng6 19. Nc1 b6 20. Nd3 Rb8 21. Rc1 Bd7
22. Nf4 Nxf4 23. gxf4 a5 24. a3 bxc5 25. Rxc5 Rb3 26. Ka2 Rfb8 27. Rc2 Qb7 28.
Qc1 e5 29. fxe5 f4 30. exf4 Bf5 31. Rd2 Rg3 32. Qd1 Be4 33. Rf2 a4 34. f5 Re3
35. Qc1 Qb3+ 36. Ka1 Bxf5 37. Ba6 Bd7 38. Re2 Rxe2 39. Qg5+ Kh8 40. Qxh5+
1/2-1/2